[Event "Wch Seniors 65 28th"]
[Site "Bled"]
[Date "2018.11.20"]
[Round "3"]
[White "Filzmaier, Bruno"]
[Black "Bondar, Leonid"]
[Result "0-1"]
[WhiteElo "1727"]
[BlackElo "1931"]
[PlyCount "48"]
[EventDate "2018.11.18"]
[EventType "swiss"]
[EventRounds "11"]
[EventCountry "SLO"]
[SourceTitle "CBM 187 Extra"]
[Source "ChessBase"]
[SourceDate "2018.11.04"]
[SourceVersion "1"]
[SourceVersionDate "2018.11.04"]
[SourceQuality "1"]

1. a3 e5 2. e3 d5 3. d4 Nd7 4. Nf3 e4 5. Nfd2 Bd6 6. c4 c6 7. Nc3 Ne7 8. Qb3 Nf6 9. Be2 0-0 10. 0-0 b6 11. g3 Bh3 12. Re1 h5 13. f3 Qc7 14. Kf2 exf3 15. Bxf3 Nf5 16. Rg1 h4 17. Ke2 Rae8 18. Nf1 Bxf1+ 19. Kxf1 hxg3 20. hxg3 Nxg3+ 21. Rxg3 Bxg3 22. Bd2 Ne4 23. Be1 Bxe1 24. Kxe1 Qh2 0-1

[Event "Wch Seniors 23rd"]
[Site "Opatija"]
[Date "2013.11.22"]
[Round "10"]
[White "Lim, Kian Hwa"]
[Black "Filzmaier, Bruno"]
[Result "1-0"]
[WhiteElo "1883"]
[BlackElo "1895"]
[PlyCount "61"]
[EventDate "2013.11.12"]
[EventType "swiss"]
[EventRounds "11"]
[EventCountry "CRO"]
[SourceTitle "CBM 157 Extra"]
[Source "ChessBase"]
[SourceDate "2013.12.19"]
[SourceVersion "1"]
[SourceVersionDate "2013.12.19"]
[SourceQuality "1"]

1. e4 e6 2. d4 d5 3. Nc3 dxe4 4. Nxe4 Nf6 5. Nxf6+ Qxf6 6. Nf3 h6 7. Bc4 Be7 8. 0-0 0-0 9. Re1 a6 10. Qe2 Bd6 11. Ne5 b5 12. Qe4 Ra7 13. Bd3 Qf5 14. Qh4 Qf6 15. Qh3 Bb7 16. Ng4 Qxd4 17. Be3 Qxb2 18. Bxa7 Nc6 19. Be3 Ne5 20. Nxe5 Bxe5 21. Rad1 f5 22. Bc1 Qc3 23. Qe3 Qc6 24. Bf1 Bd6 25. Qxe6+ Kh8 26. Qb3 Qd7 27. Ba3 Qc6 28. Bxd6 cxd6 29. Re6 Rd8 30. Qd3 Qc4 31. Qxf5 1-0

[Event "Wch Seniors 22nd"]
[Site "Kamena Vourla"]
[Date "2012.11.16"]
[Round "4"]
[White "Rahmani, Behrouz"]
[Black "Filzmaier, Bruno"]
[Result "0-1"]
[WhiteElo "1727"]
[BlackElo "1903"]
[PlyCount "109"]
[EventDate "2012.11.13"]
[EventType "swiss"]
[EventRounds "11"]
[EventCountry "GRE"]
[SourceTitle "CBM 151 Extra"]
[Source "ChessBase"]
[SourceDate "2012.12.18"]
[SourceVersion "1"]
[SourceVersionDate "2012.12.18"]
[SourceQuality "1"]

1. e4 e6 2. d4 d5 3. e5 c5 4. c3 Nc6 5. f4 Qb6 6. Nf3 Nh6 7. a4 cxd4 8. cxd4 Nf5 9. Bb5 Bd7 10. Bxc6 bxc6 11. 0-0 c5 12. a5 Qc7 13. g4 Nxd4 14. Nxd4 cxd4 15. Kh1 Bb5 16. Re1 Bb4 17. Bd2 Bxd2 18. Qxd2 d3 19. Na3 Ba6 20. b4 Rb8 21. Rab1 d4 22. Kg1 Qc3 23. Qb2 d2 24. Qxc3 dxc3 25. Re3 Rd8 26. Rd1 Rd3 27. Kf2 Rxe3 28. Kxe3 Ke7 29. b5 Bxb5 30. Nxb5 c2 31. Kxd2 cxd1Q+ 32. Kxd1 Rd8+ 33. Ke2 Rd5 34. Nxa7 Rc5 35. Ke3 Kd7 36. a6 Ra5 37. Ke4 Ra4+ 38. Ke3 Rxa6 39. Nb5 Ra2 40. h4 Rh2 41. h5 g6 42. hxg6 fxg6 43. g5 Kc6 44. Nd4+ Kd5 45. Nb5 Rh3+ 46. Kf2 Ke4 47. Nc7 Kf5 48. Kg2 Rh4 49. Kg3 Rg4+ 50. Kh3 Rxf4 51. Kg3 Rg4+ 52. Kf3 Rxg5 53. Nb5 Kxe5 54. Ke3 Rg3+ 55. Kf2 0-1

[Event "Wch Seniors 20th"]
[Site "Arco"]
[Date "2010.10.29"]
[Round "4"]
[White "Filzmaier, Bruno"]
[Black "Diehl, Klaus"]
[Result "0-1"]
[WhiteElo "1940"]
[BlackElo "2103"]
[PlyCount "82"]
[EventDate "2010.10.26"]
[EventType "swiss"]
[EventRounds "11"]
[EventCountry "ITA"]
[SourceTitle "EXT 2011"]
[Source "ChessBase"]
[SourceDate "2010.11.26"]
[SourceVersion "1"]
[SourceVersionDate "2010.11.26"]
[SourceQuality "1"]

1. a3 Nf6 2. Nf3 g6 3. d4 Bg7 4. e3 0-0 5. b4 a5 6. b5 c6 7. c4 cxb5 8. cxb5 d6 9. Bb2 Be6 10. Nbd2 a4 11. Be2 Bd5 12. 0-0 Nbd7 13. Rc1 Nb6 14. Nc4 Nxc4 15. Bxc4 Bxc4 16. Rxc4 Qa5 17. Qc2 Qxb5 18. Rc1 Ra6 19. Rb4 Qd7 20. Qc7 Qxc7 21. Rxc7 Nd5 22. Rbxb7 Nxc7 23. Rxc7 Rb8 24. Bc3 Rb1+ 25. Ne1 Bf6 26. Bb4 e5 27. d5 e4 28. Kf1 Be5 29. h3 Rd1 30. Ke2 Rxd5 31. f4 exf3+ 32. Nxf3 Bf6 33. Nd4 Bxd4 34. exd4 Rb5 35. Kd3 d5 36. Rd7 Rxb4 37. axb4 a3 38. b5 Ra8 39. b6 a2 40. b7 a1Q 41. bxa8Q+ Qxa8 0-1

[Event "Wch Seniors 19th"]
[Site "Condino"]
[Date "2009.10.28"]
[Round "2"]
[White "Filzmaier, Bruno"]
[Black "Kuhnert, Werner Eberhard"]
[Result "1-0"]
[WhiteElo "1963"]
[BlackElo "1541"]
[PlyCount "59"]
[EventDate "2009.10.27"]
[EventType "swiss"]
[EventRounds "11"]
[EventCountry "ITA"]
[SourceTitle "EXT 2010"]
[Source "ChessBase"]
[SourceDate "2010.11.25"]
[SourceVersion "1"]
[SourceVersionDate "2010.11.25"]
[SourceQuality "1"]

1. a3 c5 2. e3 Nc6 3. d4 cxd4 4. exd4 d5 5. Nf3 e6 6. Bb5 Bd7 7. 0-0 Nf6 8. Qe2 Be7 9. Re1 0-0 10. c3 a6 11. Bd3 Re8 12. Nbd2 Nh5 13. Nf1 Nf6 14. Ne5 Bc8 15. Ng3 Nxe5 16. dxe5 Nd7 17. Qg4 g6 18. Bh6 Bf8 19. Qf4 Bxh6 20. Qxh6 Qe7 21. Nh5 Qf8 22. Qg5 Qe7 23. Nf6+ Nxf6 24. exf6 Qd6 25. Re5 Qf8 26. Rae1 h6 27. Qh4 b5 28. R1e3 Ra7 29. Rh3 Kh7 30. Rh5 1-0

[Event "Velden op"]
[Site "Velden"]
[Date "2008.09.13"]
[Round "1"]
[White "Filzmaier, Bruno"]
[Black "Hess, Christian"]
[Result "0-1"]
[WhiteElo "1961"]
[BlackElo "2235"]
[PlyCount "68"]
[EventDate "2008.09.13"]
[EventType "swiss"]
[EventRounds "9"]
[EventCountry "AUT"]
[SourceTitle "EXT 2009"]
[Source "ChessBase"]
[SourceDate "2008.11.26"]
[SourceVersion "1"]
[SourceVersionDate "2008.11.26"]
[SourceQuality "1"]

1. a3 g6 2. Nf3 Bg7 3. d4 Nf6 4. e3 0-0 5. b4 b6 6. Bb2 Bb7 7. Be2 c5 8. 0-0 Qc7 9. Nbd2 d6 10. c4 Nbd7 11. h3 e6 12. Rc1 Rad8 13. Qc2 Rfe8 14. b5 cxd4 15. exd4 e5 16. d5 Nc5 17. Nb3 Nfe4 18. Rcd1 Bc8 19. Nfd2 Nxd2 20. Nxd2 Bf5 21. Qc3 Na4 22. Qb4 Nxb2 23. Qxb2 e4 24. Qb3 Bh6 25. g4 Bc8 26. f4 exf3 27. Qxf3 Re3 28. Qg2 Qc5 29. Kh1 Rde8 30. Bf3 Qxa3 31. Ne4 R8xe4 32. Bxe4 Rxh3+ 33. Kg1 Rg3 34. Rd3 Qc5+ 0-1

[Event "Wch Seniors 16th"]
[Site "Arvier"]
[Date "2006.09.20"]
[Round "9"]
[White "Filzmaier, Bruno"]
[Black "Gibbs, Glen"]
[Result "0-1"]
[WhiteElo "1952"]
[BlackElo "1800"]
[PlyCount "68"]
[EventDate "2006.09.11"]
[EventType "swiss"]
[EventRounds "11"]
[EventCountry "ITA"]
[SourceTitle "CBM 114 Extra"]
[Source "ChessBase"]
[SourceDate "2006.11.03"]
[SourceVersion "1"]
[SourceVersionDate "2006.11.03"]
[SourceQuality "1"]

1. a3 d5 2. e3 e5 3. d4 Nc6 4. Nf3 e4 5. Nfd2 f5 6. c4 Nf6 7. Nc3 Be6 8. b4 a6 9. Bb2 Be7 10. cxd5 Nxd5 11. Nxd5 Bxd5 12. Bc4 Bf6 13. Qb3 Ne7 14. Bxd5 Qxd5 15. Qxd5 Nxd5 16. Nc4 0-0 17. g3 Rf7 18. Ke2 g6 19. Rac1 c6 20. h4 Bg7 21. h5 g5 22. Nd6 f4 23. Nxf7 f3+ 24. Kd2 Kxf7 25. h6 Bf8 26. Rh5 Kg6 27. Rch1 Nf6 28. R5h3 Ng4 29. Ke1 a5 30. bxa5 Rxa5 31. Bc1 Bxa3 32. Bxa3 Rxa3 33. R3h2 Nxh2 34. Rxh2 Rd3 0-1

[Event "Wch Seniors 16th"]
[Site "Arvier"]
[Date "2006.09.16"]
[Round "6"]
[White "Norrito, Salvatore"]
[Black "Filzmaier, Bruno"]
[Result "0-1"]
[WhiteElo "1610"]
[BlackElo "1952"]
[PlyCount "62"]
[EventDate "2006.09.11"]
[EventType "swiss"]
[EventRounds "11"]
[EventCountry "ITA"]
[SourceTitle "CBM 114 Extra"]
[Source "ChessBase"]
[SourceDate "2006.11.03"]
[SourceVersion "1"]
[SourceVersionDate "2006.11.03"]
[SourceQuality "1"]

1. c4 e6 2. Nf3 d5 3. cxd5 exd5 4. g3 Nf6 5. Bg2 c6 6. 0-0 Be7 7. d4 0-0 8. Nbd2 h6 9. Re1 Bf5 10. Ne5 Ng4 11. e4 Nxe5 12. exf5 Nd3 13. Re3 Nxc1 14. Rxc1 Nd7 15. Nf3 Nf6 16. Ne5 Ne8 17. Qc2 Nd6 18. Rce1 Bf6 19. Qd3 Re8 20. Ng4 Rxe3 21. fxe3 Qe7 22. Nxf6+ Qxf6 23. Rf1 Re8 24. g4 Qg5 25. Rf4 Nc4 26. Be4 Nxb2 27. Qb3 Rxe4 28. Rxe4 dxe4 29. Qxb2 Qxg4+ 30. Kh1 Qxf5 31. Qb3 Qf1# 0-1

[Event "Wch Seniors 16th"]
[Site "Arvier"]
[Date "2006.09.11"]
[Round "1"]
[White "Filzmaier, Bruno"]
[Black "Kaminik, Aleksandar"]
[Result "0-1"]
[WhiteElo "1952"]
[BlackElo "2226"]
[PlyCount "72"]
[EventDate "2006.09.11"]
[EventType "swiss"]
[EventRounds "11"]
[EventCountry "ITA"]
[SourceTitle "CBM 114 Extra"]
[Source "ChessBase"]
[SourceDate "2006.11.03"]
[SourceVersion "1"]
[SourceVersionDate "2006.11.03"]
[SourceQuality "1"]

1. a3 Nf6 2. Nf3 g6 3. d4 Bg7 4. e3 0-0 5. b4 d6 6. Bb2 Nbd7 7. h3 b6 8. Be2 Bb7 9. 0-0 Re8 10. c4 e5 11. Nc3 Ne4 12. Nxe4 Bxe4 13. d5 Bxf3 14. Bxf3 e4 15. Bxg7 exf3 16. Bb2 fxg2 17. Kxg2 Re4 18. Rc1 Qg5+ 19. Kh2 Qf5 20. Qd3 Ne5 21. Bxe5 Qxe5+ 22. f4 Qe7 23. Rf3 Re8 24. Rc3 Qf6 25. Qc2 Qf5 26. Qg2 Qf6 27. Qc2 h5 28. c5 Rxe3 29. Rcxe3 Rxe3 30. Rxe3 Qxf4+ 31. Rg3 h4 32. Qc3 Qxg3+ 33. Qxg3 hxg3+ 34. Kxg3 dxc5 35. bxc5 bxc5 36. Kf4 Kf8 0-1